| 000 | 00676nam a2200205Ia 4500 | ||
|---|---|---|---|
| 001 | L330-23883 | ||
| 003 | IT-CnALBA | ||
| 008 | 170116s9999||||xx |||||||||||||| ||und|| | ||
| 040 |
_aIT-CnALBA _cIT-CnALBA |
||
| 041 | _aITALIANO | ||
| 100 | _aTONIOLO GIUSEPPE, PROF. | ||
| 245 | 0 | _aTRATTATO DI ECONOMIA SOCIALE. INTRODUZIONE. (DOPPIONE). | |
| 250 | _a1a ed. | ||
| 260 |
_a FIRENZE _bFIORENTINA LIBRERIA EDITRICE _c1907 [1° Ed.:1907 - Ed.Ling.Originale: 1907] |
||
| 300 | _a374 p. | ||
| 501 | _aSocietà San Paolo EM - Piazza San Paolo, 14 - 12051 ALBA (CN) (non commercial uses only) ® Copyright 2017 | ||
| 650 | _aECONOMIA | ||
| 942 | _cBK | ||
| 957 | _71 | ||
| 999 |
_a28630 _bSI _g Copie: 1 _c282986 _d282986 |
||